JXDN's Songs - Statistics

General Stats
  • This quiz has been taken 68 times
    14 since last reset
  • The average score is 33 of 53
Answer Stats
Hint Answer % Correct
TMAT (feat. MGK) WANNA BE
100%
WTMS WHEN THE MUSIC STOPS
100%
TMAT ANGELS & DEMONS
92%
28(SFC) Beautiful Boy
92%
Single (feat. Nessa Barrett) la di die
92%
WTMS CANDLES
83%
28(SFC) Even In The Dark
83%
TMAT TELL ME ABOUT TOMORROW
83%
TMAT (feat. iann dior) TONIGHT
83%
Single (feat. Beauty School Dropout) FREAK
75%
Single (feat. Amelia Moore) FUMD
75%
TMATD LIPS
75%
TMAT SO WHAT!
75%
TMAT ANGELS & DEMONS PT.2
67%
WTMS DRUGS
67%
Single Friends With Benefits
67%
WTMS IT MUST SUCK TO KNOW YOU
67%
TMAT NO VANITY
67%
TMAT PILLS
67%
Single Pray
67%
WTMS SAD OCTOBER
67%
WTMS SHIT
67%
WTMS STRAY
67%
WTMS WHAT THE HELL
67%
TMAT BETTER OFF DEAD
58%
TMATD CHRISTMAS SUCKS
58%
Single Chrome Hearted
58%
Single Comatose
58%
TMATD CRACK MY SKULL
58%
Single (feat. Jasiah) Earthquake
58%
WTMS HOW FAR
58%
Single (with ILLENIUM) Lifeline
58%
Single Sober
58%
TMAT A WASTED YEAR
50%
WTMS BACCARAT
50%
TMAT BRAINDEAD
50%
TMAT DTA
50%
TMAT INTERLUDE
50%
TMAT INTRO
50%
WTMS JUST LET GO
50%
TMAT LAST TIME
50%
WTMS LOST ANGEL
50%
TMAT THINK ABOUT ME
50%
WTMS WET DREAM
50%
TMATD DEAD OR ALIVE
42%
TMAT FUCKED UP
42%
TMAT ONE MINUTE
42%
WTMS WRECK ME
42%
Single drivers license
33%
Single Happy Holidays, You Bastard
33%
WTMS STRANGER
33%
WTMS WHAT CAN I SAY
33%
WTMS YOU NEEDED SOMEONE I JUST HAPPENED TO BE THERE
33%
No matching quizzes found
Score Distribution
Percent of People with Each Score
Percentile by Number Answered
Your Score History
You have not taken this quiz since the last reset